Gálibo : (Record no. 1808)

MARC details
000 -LEADER
fixed length control field 01271cas a2200421 a 4500
001 - CONTROL NUMBER
control field data
005 - DATE AND TIME OF LATEST TRANSACTION
control field 20260322212119.0
008 - FIXED-LENGTH DATA ELEMENTS--GENERAL INFORMATION
fixed length control field data
035 ## - SYSTEM CONTROL NUMBER
System control number 11375700
010 ## - LIBRARY OF CONGRESS CONTROL NUMBER
LC control number 90655655
016 7# - NATIONAL BIBLIOGRAPHIC AGENCY CONTROL NUMBER
Record control number 1051631-1
Source DE-600
035 ## - SYSTEM CONTROL NUMBER
System control number (OCoLC)22137423
037 ## - SOURCE OF ACQUISITION
Source of stock number/acquisition Ediciones NORBA 10004, Apartado de Correos 423, Cáceres
040 ## - CATALOGING SOURCE
Original cataloging agency DLC
Language of cataloging eng
Transcribing agency DLC
Modifying agency OCLCQ
-- DLC
-- DEBBG
-- OCLCQ
-- OCLCO
-- OCLCF
-- OCLCQ
041 0# - LANGUAGE CODE
Language code of text/sound track or separate title spa
-- spa
042 ## - AUTHENTICATION CODE
Authentication code pcc
043 ## - GEOGRAPHIC AREA CODE
Geographic area code e-sp---
050 00 - LIBRARY OF CONGRESS CALL NUMBER
Classification number PN6
Item number .G35
082 00 - DEWEY DECIMAL CLASSIFICATION NUMBER
Classification number 840.8/0005
Edition information 20
245 00 - TITLE STATEMENT
Title Gálibo :
Remainder of title revista de literatura.
260 ## - PUBLICATION, DISTRIBUTION, ETC.
Place of publication, distribution, etc. Cáceres [Spain] :
Name of publisher, distributor, etc. Ediciones NORBA
300 ## - PHYSICAL DESCRIPTION
Extent volumes :
Other physical details illustrations ;
Dimensions 28 cm
336 ## - CONTENT TYPE
Content type term text
Content type code txt
Source rdacontent
337 ## - MEDIA TYPE
Media type term unmediated
Media type code n
Source rdamedia
338 ## - CARRIER TYPE
Carrier type term volume
Carrier type code nc
Source rdacarrier
500 ## - GENERAL NOTE
General note Some issues have distinctive title.
546 ## - LANGUAGE NOTE
Language note French and Spanish.
588 ## - SOURCE OF DESCRIPTION NOTE
Source of description note Description based on: No. 6-7, published in 1989.
590 ## - LOCAL NOTE (RLIN)
Local note SERBIB/SERLOC merged record
650 #0 - SUBJECT ADDED ENTRY--TOPICAL TERM
Topical term or geographic name entry element Literature.
650 #7 - SUBJECT ADDED ENTRY--TOPICAL TERM
Topical term or geographic name entry element Literature.
Source of heading or term fast
Authority record control number or standard number (OCoLC)fst00999953
890 ## -
-- Gálibo.
-- 90-655655
906 ## - LOCAL DATA ELEMENT F, LDF (RLIN)
a 7
b cbc
c serials
d 4
e ncip
f 19
g n-oclcserc
920 ## -
-- Keep 1
991 ## -
-- c-GenColl
-- PN6
-- .G35
-- SERIALS
992 ## -
-- SER
-- SERLOC
Holdings
Withdrawn status Lost status Damaged status Not for loan Home library Current library Shelving location Date acquired Total checkouts Full call number Barcode Date last seen Price effective from Koha item type
        Franklin Franklin General stacks 22/03/2026   840.8/0005 LOC-FRL-00044 22/03/2026 22/03/2026 Books